[Event "Titled Tuesday intern op 13th Feb Early"]
[Site "Chess.com INT"]
[Date "2024.02.13"]
[Round "2"]
[White "Srihari, LR."]
[Black "Rosenberg, Evan"]
[Result "1-0"]
[WhiteElo "2490"]
[BlackElo "1985"]
[PlyCount "53"]
[EventDate "2024.02.13"]
[EventType "swiss (blitz)"]
[EventRounds "11"]
[EventCountry "USA"]
[SourceTitle "CB08_2024"]
[SourceDate "2024.02.21"]
[SourceVersion "1"]
[SourceVersionDate "2024.02.21"]
[SourceQuality "1"]

1. c4 e6 2. Nf3 d5 3. e3 Nf6 4. Nc3 c6 5. b3 Nbd7 6. Bb2 Bd6 7. Be2 0-0 8. 0-0 b6 9. d4 Bb7 10. Qc2 Rc8 11. Rad1 Qc7 12. Rfe1 a6 13. h3 Rfd8 14. e4 dxe4 15. Nxe4 Nxe4 16. Qxe4 Nf6 17. Qc2 c5 18. d5 exd5 19. Bxf6 gxf6 20. cxd5 Be5 21. Nxe5 fxe5 22. Bg4 Ra8 23. Qf5 Rxd5 24. Rxd5 Bxd5 25. Qg5+ Kh8 26. Qf6+ Kg8 27. Rxe5 1-0

[Event "Titled Tuesday intern op 06th Feb Early"]
[Site "Chess.com INT"]
[Date "2024.02.06"]
[Round "7"]
[White "Bjerre, Jonas Buhl"]
[Black "Srihari, LR."]
[Result "1-0"]
[WhiteElo "2642"]
[BlackElo "2490"]
[PlyCount "83"]
[EventDate "2024.02.06"]
[EventType "swiss (blitz)"]
[EventRounds "11"]
[EventCountry "USA"]
[SourceTitle "CB07_2024"]
[SourceDate "2024.02.14"]
[SourceVersion "1"]
[SourceVersionDate "2024.02.14"]
[SourceQuality "1"]

1. e4 d6 2. d4 Nf6 3. Nc3 e5 4. Nf3 Nbd7 5. Bc4 Be7 6. 0-0 0-0 7. a4 c6 8. h3 h6 9. Re1 Re8 10. b3 Bf8 11. Bb2 exd4 12. Qxd4 Qb6 13. Qd2 a5 14. Rad1 Nc5 15. e5 dxe5 16. Nxe5 Be6 17. Qf4 Qc7 18. Qh4 Rad8 19. Rxd8 Qxd8 20. Rd1 Qc7 21. Bxe6 Rxe6 22. Nc4 Nce4 23. Nxe4 Rxe4 24. Qg3 Qxg3 25. fxg3 Nd5 26. Nxa5 Re2 27. Bd4 Rxc2 28. Nxb7 c5 29. Bf2 Nc3 30. Rd8 Ne4 31. Be3 f5 32. a5 Kf7 33. Kh2 Ra2 34. Rc8 g5 35. Rc6 Ra3 36. a6 Rxb3 37. Bxc5 Nxc5 38. Nxc5 Ra3 39. Nd7 Bg7 40. h4 Ke7 41. Nc5 Be5 42. Re6+ 1-0

[Event "Titled Tuesday intern op 06th Feb Early"]
[Site "Chess.com INT"]
[Date "2024.02.06"]
[Round "2"]
[White "Sharapov, Evgeny"]
[Black "Srihari, LR."]
[Result "1/2-1/2"]
[WhiteElo "2375"]
[BlackElo "2490"]
[PlyCount "110"]
[EventDate "2024.02.06"]
[EventType "swiss (blitz)"]
[EventRounds "11"]
[EventCountry "USA"]
[SourceTitle "CB07_2024"]
[SourceDate "2024.02.14"]
[SourceVersion "1"]
[SourceVersionDate "2024.02.14"]
[SourceQuality "1"]

1. e4 d6 2. d4 Nf6 3. Nc3 e5 4. Nf3 Nbd7 5. Bc4 Be7 6. 0-0 0-0 7. Re1 c6 8. a4 h6 9. h3 Re8 10. b3 Bf8 11. Bb2 exd4 12. Qxd4 Qb6 13. Qxb6 Nxb6 14. Bf1 d5 15. exd5 Rxe1 16. Rxe1 Nbxd5 17. Nxd5 Nxd5 18. Re8 Nc7 19. Rd8 Ne6 20. Re8 Nc7 21. Rd8 Bf5 22. Rxa8 Nxa8 23. Bd3 Bxd3 24. cxd3 Nc7 25. Kf1 f6 26. Ke2 Ne6 27. Nd4 Nf4+ 28. Ke3 Nxg2+ 29. Kf3 Nh4+ 30. Kg4 Ng6 31. Ne6 Be7 32. f4 Kf7 33. f5 Nf8 34. Nxf8 Bxf8 35. Kh5 Bb4 36. Bd4 a6 37. Be3 b5 38. Bf4 Be1 39. Bd6 Bd2 40. Bc5 Bf4 41. Bb4 Be3 42. Bd6 Bd4 43. Bb4 c5 44. Bd2 Be5 45. Be3 Bd6 46. axb5 axb5 47. Bf2 Bf8 48. Be3 Be7 49. Bf2 Bd6 50. Be3 Bf8 51. Bf2 Be7 52. Be3 Bd6 53. Bf2 Bf8 54. Be3 Be7 55. Bf2 Bf8 1/2-1/2

[Event "Bangalore op 1st"]
[Site "Bangalore"]
[Date "2024.01.23"]
[Round "7"]
[White "Tologontegin, Semetey"]
[Black "Srihari, LR."]
[Result "0-1"]
[WhiteElo "2384"]
[BlackElo "2469"]
[PlyCount "94"]
[EventDate "2024.01.18"]
[EventType "swiss"]
[EventRounds "10"]
[EventCountry "IND"]
[SourceTitle "CB05_2024"]
[SourceDate "2024.01.31"]
[SourceVersion "1"]
[SourceVersionDate "2024.01.31"]
[SourceQuality "1"]

1. Nf3 d5 2. e3 c5 3. b3 Nc6 4. Bb2 f6 5. d4 cxd4 6. exd4 Bg4 7. Be2 e6 8. 0-0 Bd6 9. Re1 Nge7 10. Nh4 Bxe2 11. Qxe2 e5 12. dxe5 fxe5 13. Nf3 e4 14. Ng5 Nf5 15. Qg4 Qd7 16. Nc3 Nfd4 17. Qd1 Be7 18. Ne2 Nxe2+ 19. Qxe2 0-0 20. Nh3 Rae8 21. Rad1 Bb4 22. c3 Bc5 23. Kh1 Ne5 24. Rf1 Ng4 25. Bc1 h5 26. Nf4 Rf5 27. h3 Nf6 28. Be3 Bd6 29. Qd2 Bxf4 30. Bxf4 Qf7 31. Be3 b6 32. Rc1 Nd7 33. c4 Nc5 34. Bxc5 bxc5 35. cxd5 e3 36. Qe2 Rxf2 37. Rxf2 exf2 38. Qf1 Qf4 39. Rd1 Qg3 40. d6 Re1 41. d7 Rxf1+ 42. Rxf1 Qd3 43. Rxf2 Qxd7 44. Rf3 Qd2 45. a4 c4 46. bxc4 Qc1+ 47. Kh2 Qxc4 0-1

[Event "Titled Tuesday intern op 16th Jan Early"]
[Site "Chess.com INT"]
[Date "2024.01.16"]
[Round "11"]
[White "Srihari, LR."]
[Black "Mabusela, Johannes Manyedi"]
[Result "1-0"]
[WhiteElo "2469"]
[BlackElo "2202"]
[PlyCount "23"]
[EventDate "2024.01.16"]
[EventType "swiss (blitz)"]
[EventRounds "11"]
[EventCountry "USA"]
[SourceTitle "CB04_2024"]
[SourceDate "2023.10.16"]
[SourceVersion "1"]
[SourceVersionDate "2023.10.16"]
[SourceQuality "1"]

1. c4 e6 2. Nc3 d5 3. e3 Nf6 4. Nf3 Be7 5. b3 0-0 6. Bb2 b6 7. cxd5 Nxd5 8. Nxd5 Qxd5 9. Qc2 c5 10. Bd3 h6 11. Bh7+ Kh8 12. Be4 1-0

[Event "Titled Tuesday intern op 16th Jan Early"]
[Site "Chess.com INT"]
[Date "2024.01.16"]
[Round "3"]
[White "Srihari, LR."]
[Black "Shtompel, Yuriy"]
[Result "1-0"]
[WhiteElo "2469"]
[BlackElo "2072"]
[PlyCount "77"]
[EventDate "2024.01.16"]
[EventType "swiss (blitz)"]
[EventRounds "11"]
[EventCountry "USA"]
[SourceTitle "CB04_2024"]
[SourceDate "2023.10.16"]
[SourceVersion "1"]
[SourceVersionDate "2023.10.16"]
[SourceQuality "1"]

1. c4 Nf6 2. Nc3 g6 3. g3 Bg7 4. Bg2 0-0 5. e4 d6 6. Nge2 c5 7. 0-0 Nc6 8. d3 a6 9. h3 Rb8 10. a4 Bd7 11. Bg5 h6 12. Be3 Kh7 13. Qd2 e5 14. f4 Nd4 15. Rab1 b5 16. axb5 axb5 17. cxb5 Bxb5 18. Nxb5 Rxb5 19. Kh2 Qb6 20. Nc3 Rb3 21. fxe5 dxe5 22. Rf2 Rb8 23. g4 Qa6 24. g5 hxg5 25. Bxg5 Nh5 26. Rxf7 Qe6 27. Rf2 Qb6 28. Nd5 Qa6 29. Bf1 Qe6 30. Qd1 Qd7 31. Qg4 Qb5 32. Rg2 Qe8 33. Be3 c4 34. dxc4 Nc6 35. c5 Nd4 36. Bc4 R3b7 37. Rbg1 Rxb2 38. Nc7 R8b3 39. Nxe8 1-0

[Event "Titled Tuesday intern op 16th Jan Early"]
[Site "Chess.com INT"]
[Date "2024.01.16"]
[Round "9"]
[White "Srihari, LR."]
[Black "Tulchynskyi, Feliks"]
[Result "1/2-1/2"]
[WhiteElo "2469"]
[BlackElo "2285"]
[PlyCount "167"]
[EventDate "2024.01.16"]
[EventType "swiss (blitz)"]
[EventRounds "11"]
[EventCountry "USA"]
[SourceTitle "CB04_2024"]
[SourceDate "2023.10.16"]
[SourceVersion "1"]
[SourceVersionDate "2023.10.16"]
[SourceQuality "1"]

1. c4 e6 2. Nf3 d5 3. e3 a6 4. Nc3 dxc4 5. Bxc4 b5 6. Be2 Bb7 7. d4 c5 8. 0-0 Nf6 9. dxc5 Bxc5 10. Qxd8+ Kxd8 11. b3 Ke7 12. Bb2 Nbd7 13. Rac1 Rac8 14. Rfd1 Rhd8 15. h3 h6 16. Kf1 Bb6 17. a4 b4 18. Nb1 a5 19. Nbd2 Rxc1 20. Rxc1 Rc8 21. Nc4 Bc7 22. Nd4 Ne8 23. Nb5 Bd8 24. Rd1 Bd5 25. f3 Nc5 26. Nd4 Nxb3 27. Nxb3 Bxc4 28. Bxc4 Rxc4 29. Rd2 Bb6 30. Ke2 f6 31. Bd4 Bxd4 32. Rxd4 Rc2+ 33. Rd2 Rc3 34. Nxa5 Nc7 35. Rb2 Na6 36. Kd2 Rc5 37. Nb3 Rd5+ 38. Ke2 Rd6 39. Rc2 Kd7 40. Na5 Rb6 41. Nc4 Rc6 42. Rd2+ Kc7 43. Na5 Rc3 44. Rd3 Rc2+ 45. Rd2 Rc3 46. Kd1 Nc5 47. Rc2 Nxa4 48. Nb3 Kd6 49. Nd2 Kd5 50. Ra2 Ra3 51. Rc2 Rxe3 52. Rc8 Rc3 53. Rd8+ Kc5 54. Ne4+ Kc4 55. Nxc3 Nxc3+ 56. Kd2 Kb3 57. Rg8 Kb2 58. Rxg7 Nb1+ 59. Kd3 b3 60. Rb7 Na3 61. Ra7 Ka2 62. Rb7 b2 63. Kd4 b1Q 64. Rxb1 Kxb1 65. Kc5 Kc2 66. Kd6 e5 67. Ke6 Kd3 68. Kxf6 Nc4 69. Kf5 Ke3 70. h4 Kf2 71. g4 Kxf3 72. g5 hxg5 73. hxg5 e4 74. g6 Ne3+ 75. Ke6 Ng4 76. g7 Nh6 77. Kf6 e3 78. Kg6 Ng8 79. Kf7 e2 80. Kxg8 e1Q 81. Kf7 Qe4 82. g8Q Qd5+ 83. Kg7 Qxg8+ 84. Kxg8 1/2-1/2